Die moderne frauenbewegung und die reform des höheren mädchenschulwesens. (Record no. 18745)

MARC details
000 -LEADER
fixed length control field 00798cam a22002171 4500
001 - CONTROL NUMBER
control field e 08000865
003 - CONTROL NUMBER IDENTIFIER
control field DLC
005 - DATE AND TIME OF LATEST TRANSACTION
control field 20260227111150.0
008 - FIXED-LENGTH DATA ELEMENTS--GENERAL INFORMATION
fixed length control field 780301s1904 gw 00010 ger c
010 ## - LIBRARY OF CONGRESS CONTROL NUMBER
LC control number e 08000865 //r95
040 ## - CATALOGING SOURCE
Original cataloging agency Library, U.S. Bureau of Education
Transcribing agency WMaUCS
Modifying agency DLC
043 ## - GEOGRAPHIC AREA CODE
Geographic area code e-be---
050 00 - LIBRARY OF CONGRESS CALL NUMBER
Classification number LC1483
Item number .G21
100 10 - MAIN ENTRY--PERSONAL NAME
Personal name Gaster, Bernhard,
Dates associated with a name 1867-
245 14 - TITLE STATEMENT
Title Die moderne frauenbewegung und die reform des höheren mädchenschulwesens.
Remainder of title Vortrag gehalten am 3. februar 1904 in Antwerpen
Statement of responsibility, etc. von dr. Bernhard Gaster ...
260 0# - PUBLICATION, DISTRIBUTION, ETC.
Place of publication, distribution, etc. Wolfenbüttel,
Name of publisher, distributor, etc. Druck und verlag der Hecknerschen druckerei (inh. H. Wessel)
Date of publication, distribution, etc. 1904.
300 ## - PHYSICAL DESCRIPTION
Extent 56 p.
Dimensions 22 cm.
650 #0 - SUBJECT ADDED ENTRY--TOPICAL TERM
Topical term or geographic name entry element Women
General subdivision Education.
650 #0 - SUBJECT ADDED ENTRY--TOPICAL TERM
Topical term or geographic name entry element Women
General subdivision Education
Geographic subdivision Belgium.
650 #0 - SUBJECT ADDED ENTRY--TOPICAL TERM
Topical term or geographic name entry element Women
General subdivision Social and moral questions.

No items available.

Powered by Koha